Isabel Allende (Record no. 84531)
[ view plain ]
| 000 -CABECERA | |
|---|---|
| campo de control de longitud fija | 00683nam a2200169 a 4500 |
| 005 - FECHA Y HORA DE LA ÚLTIMA TRANSACCIÓN | |
| campo de control | 20210219153757.0 |
| 008 - ELEMENTOS DE LONGITUD FIJA--INFORMACIÓN GENERAL | |
| campo de control de longitud fija | 010828s1986 mx r 000 0 spa d |
| 035 ## - NÚMERO DE CONTROL DEL SISTEMA | |
| Número de control de sistema | UPN01000110622 |
| 049 ## - COLECCIÓN | |
| Colección | AV |
| 050 #4 - SIGNATURA TOPOGRÁFICA DE LA BIBLIOTECA DEL CONGRESO | |
| Número de clasificación | PVI P 01023 |
| 245 00 - MENCIÓN DE TÍTULO | |
| Título | Isabel Allende |
| 260 ## - PUBLICACIÓN, DISTRIBUCIÓN, ETC. | |
| Lugar de publicación, distribución, etc. | México : |
| Nombre del editor, distribuidor, etc. | Películas Ebesa [distribuidor], |
| Fecha de publicación, distribución, etc. | c1986. |
| 300 ## - DESCRIPCIÓN FÍSICA | |
| Extensión | 1 videocasete (VHS) (43 min.) : |
| Otras características físicas | son., col. |
| 520 ## - NOTA DE RESUMEN, ETC. | |
| Sumario, etc. | Una de las autoras que han marcado el rumbo actual de la literatura hispanoamericana. Al ser entrevistada, nos ofrece el perfil de su vida y los principales aspectos que la han inspirado en el devenir de su obra literaria. |
| 600 14 - ASIENTO SECUNDARIO DE MATERIA - NOMBRE PERSONAL | |
| Nombre de persona | ALLENDE, ISABEL, |
| Fechas asociadas al nombre | 1942- |
| 905 ## - TIPO DE MATERIAL | |
| Tipo de material | Audiovisuales |
| Estado de retiro | Estado de pérdida | Fuente del sistema de clasificación o colocación | Estado dañado | No para préstamo | Código de colección | Localización permanente | Ubicación/localización actual | Ubicación en estantería | Total de préstamos | Clasificación | Código de barras | Fecha visto por última vez | Número de copia | Tipo de ítem Koha |
|---|---|---|---|---|---|---|---|---|---|---|---|---|---|---|
| Library of Congress Classification | Audiovisuales | Bib. Gregorio Torres Quintero | Bib. Gregorio Torres Quintero | Audiovisual | PVI P 01023 | 168726 | 31/12/2020 | 1 | Videocasete |
